000 00492nam a2200205Ia 4500
008 180207s9999 xx 000 0 und d
020 _a9781865040752
050 _bO239 1999
100 _aOdgers, Sally
245 _aSyd. :
245 _band the bad example /
245 _cby Sally Odgers / James Reece.
260 _aNew York :
260 _bScholastic,
260 _c1999
300 _a32 pages :
300 _bchiefly colored ;
300 _c24cm.
650 _aSydney 2000.
999 _c355768
_d355768